Multicultural education in a pluralistic society
Guardado en:
| Autores principales: | , |
|---|---|
| Formato: | Libro |
| Lenguaje: | inglés |
| Publicado: |
Upper Saddle River
Merrill
1998
|
| Edición: | 5a. ed |
| Materias: | |
| Etiquetas: |
Agregar Etiqueta
Sin Etiquetas, Sea el primero en etiquetar este registro!
|
MARC
| LEADER | 00000nam a2200000 a 4500 | ||
|---|---|---|---|
| 001 | UCK5889 | ||
| 003 | CL-VaPUC | ||
| 008 | 050826e19980000us |||||||||||||||||eng|d | ||
| 020 | |a 0132695723 | ||
| 082 | 0 | 4 | |a 370.117 |b GOL |2 21 |
| 100 | 0 | |a Gollnick, Donna M |e author |9 494924 | |
| 700 | 0 | |a Chinn, Philip C |e author |9 494925 | |
| 245 | 1 | 0 | |a Multicultural education in a pluralistic society |
| 250 | |a 5a. ed | ||
| 300 | |a 363 p | ||
| 942 | |c BK | ||
| 945 | |d 20050826 00:00:00 |a jcarroza | ||
| 260 | |a Upper Saddle River |b Merrill |c 1998 | ||
| 650 | 0 | |a Educación multicultural |9 468257 | |
| 650 | 7 | |a PLURALISMO |2 CL-VaPUC |9 328303 | |
| 650 | 0 | |a Aspectos sociales |9 254894 | |
| 650 | 0 | |a Estudio y enseñanza |9 270395 | |
| 583 | |a last modification |c 20171122 06:10:08 |k Rodrigo Vera | ||
| 999 | |c 314341 |d 314339 | ||
| 952 | |0 0 |1 0 |4 0 |6 370_117000000000000_GOL_1998 |7 0 |8 A |9 386435 |a BIBEDU |b BIBEDU |d 2019-11-22 |i 415973K |o 370.117 GOL 1998 |p 415973K |r 2019-11-22 |w 2019-11-22 |y BK |k PSI | ||